Statistics for States with Most Dunkin Donuts Per 1000 People

Click here to take the quiz!

General Stats

  • This quiz has been taken 31 times
  • The average score is 9 of 10

Answer Stats

Answer% Correct
Maine
100%
Massachusetts
100%
New York
100%
Vermont
100%
Connecticut
97%
Delaware
97%
New Hampshire
97%
Rhode Island
97%
New Jersey
93%
Illinois
67%

Score Distribution

Percentile by Number Answered

Percent of People with Each Score

Your Score History

You have not taken this quiz